| 000 | 01329nam a22002897a 4500 | ||
|---|---|---|---|
| 003 | OSt | ||
| 005 | 20230914113545.0 | ||
| 008 | 230913s2020 mx a|||frm||| 001 0 spa d | ||
| 040 | _aCHAP | ||
| 090 | _aTesis | ||
| 100 | 1 |
_9187944 _aGomez Hinojosa, Victoria |
|
| 245 | 1 | 0 |
_aEfecto de disturbio crónico en la fauna en los Ríos Bacanuchi y Sonora / _cpor Victoria Gómez Hinojosa y Melissa Rodríguez Medina ; director de tesis Sandra Milena Gelviz Gelvez. |
| 264 | 1 |
_aSan Luis Potosí : _bEl autor, _c2020. |
|
| 300 |
_axv, 97 hojas. _bfiguras, cuadros. |
||
| 336 |
_atexto _2rdacontenido _btxt |
||
| 337 |
_asinmedio _2rdamedia _bn |
||
| 338 |
_avolumen _2rdacarrier _bnc |
||
| 502 | _aTesis (Ingeniera Agrónoma en Recursos Forestales). -- Universidad Autónoma de San Luis Potosí. Facultad de Agronomía y Veterinaria. | ||
| 504 | _aIncluye referencia bibliográfica : páginas 80-97. | ||
| 650 | 4 |
_9187947 _aFauna silvestre _xIdentificación _zSonora |
|
| 650 | 4 |
_995267 _aRecursos naturales _xConservación _zSonora |
|
| 650 | 4 |
_9131027 _aConservación de la biodiversidad |
|
| 650 | 4 |
_9187948 _aCuencas _xRecursos naturales _zSonora |
|
| 700 | 1 |
_9187945 _aRodríguez Medina, Melissa |
|
| 700 | 1 |
_9187946 _aGelviz Gelvez, Sandra Milena |
|
| 942 |
_2Clasificación Universidad Autónoma Chapingo _cTESIS |
||
| 999 |
_c219149 _d219149 |
||